| 000 | 01007nas a2200349 4500 | ||
|---|---|---|---|
| 001 | BR2011003714 | ||
| 003 | BR-BrBNA | ||
| 005 | 20231205115027.0 | ||
| 007 | ta | ||
| 008 | 230509b bl.|||p| |||| 00| 00por d | ||
| 040 |
_aBR-BrBNA _bpor _cBiblioteca Nacional de Agricultura |
||
| 041 | _a(Pt) | ||
| 072 | _aP06; F01 | ||
| 100 | 1 | _aBalbinot Junior, A.A. | |
| 100 | 1 | _aSouza, A.M. de | |
| 100 | 1 | _aBackes, R.L. | |
| 100 | 1 | _aHirano, E. | |
| 100 | 1 | _aVogt, G.A. | |
| 100 | 1 | _aDenardin, R.B.N. | |
| 245 | 1 | _aEspécies oleaginosas em cultivo de inverno no planalto norte catarinense | |
| 650 | _aPLANTA OLEAGINOSA | ||
| 650 | _aCOLZA | ||
| 650 | _aLINHO | ||
| 650 | _aGRÃO | ||
| 650 | _aPRODUTIVIDADE | ||
| 650 | _aÓLEO VEGETAL | ||
| 650 | _aCOMBUSTÍVEL | ||
| 650 | _aCARACTERÍSTICAS AGRONÔMICAS | ||
| 773 | 0 |
_tAgropecuária Catarinense (Brazil) _xISSN 0103-0779 _g(Mar 2010), v. 23(1) p. 91-94 _wBR2011003714 |
|
| 909 |
_a202311 _bLúcia _c55 _dLúcia Elande |
||
| 942 |
_2AGRIS _n0 _cANA |
||
| 999 |
_c211726 _d211726 |
||